Finance a úvěr : učební text pro 3. ročník hospodářských ško /

Uložené v:
Podrobná bibliografia
Hlavný autor: Vlček, Jaroslav, 1928-2002 (Author)
Médium: Kniha
Jazyk:Czech
Vydané: Praha : Státní pedagogické nakladatelství, 1960.
Vydanie:2. uprav. vyd.
Edícia:Učebnice odborných škol
ISBN: (viaz.)
Fyzický popis: 185, [5] s. : il.
Tagy: Pridať tag
Žiadne tagy, Buďte prvý kto otaguje tento záznam!

MARC

LEADER 00000nam a22000001 4500
001 000578564
005 20180425164133.0
008 981014s1960 xr e cze d
020 |a (viaz.)  |c Kčs 8,90 
040 |a SVKKK  |b slo  |c SVKKK  |e AACR2 
041 0 |a cze 
044 |a xr 
100 1 |a Vlček, Jaroslav,  |d 1928-2002  |4 aut 
245 1 0 |a Finance a úvěr :  |b učební text pro 3. ročník hospodářských ško /  |c Jaroslav Vlček. 
250 |a 2. uprav. vyd. 
260 |a Praha :  |b Státní pedagogické nakladatelství,  |c 1960. 
300 |a 185, [5] s. :  |b il. 
366 |e 3500 výt. 
490 1 |a Učebnice odborných škol 
830 0 |a Učebnice odborných škol 
910 |a svkkk 
998 |a BK 
090 |g SCKHL  |k Sklad Pribinova 2. posch.  |a III.37327  |j 262790  |i 2720531824  |4 Duplikát  |s Vyradená 
090 |g SCKHL  |k Sklad Pribinova 2. posch.  |a III.81767  |j 271130  |i 2720687928  |s Prezenčne